Museo histórico Carabineros de Chile
Saved in:
| Main Authors: | , |
|---|---|
| Format: | Bog |
| Sprog: | spansk |
| Udgivet: |
Santiago
Museo Histórico Carabineros de Chile
2015
|
| Udgivelse: | 1a. ed |
| Fag: | |
| Tags: |
Tilføj Tag
Ingen Tags, Vær først til at tagge denne postø!
|
MARC
| LEADER | 00000cam a2200000 a 4500 | ||
|---|---|---|---|
| 001 | UCC5284 | ||
| 003 | CL-VaPUC | ||
| 008 | 181005e20150000cl |||||||||||||||||spa|d | ||
| 020 | |a 9789568047054 | ||
| 082 | 0 | 4 | |a 363.2 |b GAR |2 21 |
| 100 | 0 | |a Garrido Bravo, Paola |e author |9 599594 | |
| 700 | 0 | |a Gac Martínez, Nelson |e author |9 599595 | |
| 245 | 1 | 0 | |a Museo histórico Carabineros de Chile |
| 250 | |a 1a. ed | ||
| 300 | |a 113 p | ||
| 942 | |c BK | ||
| 945 | |d 20181005 11:02:00 |a dcastane | ||
| 260 | |a Santiago |b Museo Histórico Carabineros de Chile |c 2015 | ||
| 650 | 7 | |a POLICIA ADMINISTRATIVA |2 CL-VaPUC |9 391227 | |
| 650 | 7 | |a POLICIA |2 CL-VaPUC |9 313500 | |
| 650 | 7 | |a FUERZAS DE ORDEN Y SEGURIDAD PUBLICA |2 CL-VaPUC |9 599596 | |
| 650 | 0 | |a Carabineros de Chile |9 371895 | |
| 583 | |a last modification |c 20181012 10:31:48 |k Rodrigo Vera | ||
| 999 | |c 372537 |d 372535 | ||
| 952 | |0 0 |1 0 |3 erd |4 0 |6 363_200000000000000_GAR_2015 |7 0 |8 X |9 490217 |a FDOBUD |b FDOBUD |i 5500745 |o 363.2 GAR 2015 |p 5500745 |r 2019-11-24 |w 2019-11-24 |y BK_X |z Catalogado en:20181005 |k BUD | ||